La gastronomía o El arte de comer : (Record no. 193097)

MARC details
000 -LEADER
campo de control de longitud fija 02355nam a2200493 i 4500
001 - NÚMERO DE CONTROL
campo de control 193097
003 - IDENTIFICADOR DE NÚMERO DE CONTROL
campo de control SpMaBN
005 - FECHA Y HORA DE LA ÚLTIMA TRANSACCIÓN
campo de control 20250829123218.0
007 - CAMPO FIJO DE DESCRIPCIÓN FÍSICA--INFORMACIÓN GENERAL
campo de control de longitud fija ta
008 - DATOS DE LONGITUD FIJA--INFORMACIÓN GENERAL
campo de control de longitud fija 202307r20211818sp a | |||| 000 p spa
017 ## - NÚMERO DE COPYRIGHT O DE DEPÓSITO LEGAL
Número de copyright o de depósito legal M 22986-2021
Agencia que asigna Oficina Depósito Legal Madrid
020 ## - NÚMERO INTERNACIONAL ESTÁNDAR DEL LIBRO
Número Internacional Estándar del Libro 9788412254822
035 ## - NÚMERO DE CONTROL DEL SISTEMA
Número de control de sistema a7002762
040 ## - FUENTE DE CATALOGACIÓN
Centro catalogador/agencia de origen SpMaBN
Lengua de catalogación spa
Centro/agencia transcriptor SpMaBN
Normas de descripción rda
Centro/agencia modificador ES-MaACL
080 ## - NÚMERO DE LA CLASIFICACIÓN DECIMAL UNIVERSAL
Número de la Clasificación Decimal Universal 821.133.1-15"17"
080 ## - NÚMERO DE LA CLASIFICACIÓN DECIMAL UNIVERSAL
Número de la Clasificación Decimal Universal 641.5(0:82)
100 1# - ENTRADA PRINCIPAL--NOMBRE DE PERSONA
Nombre de persona Berchoux, Joseph
Fechas asociadas al nombre 1760-1839
Término indicativo de función/relación Autor
9 (RLIN) 233943
245 13 - MENCIÓN DEL TÍTULO
Título La gastronomía o El arte de comer :
Resto del título poema didáctico en quatro cantos /
Mención de responsabilidad, etc. traducido en verso por don Manuel Pedro Sánchez Salvador y Berrio de la obra de Joseph Berchoux, Gastronomie, ou l'Homme des champs à table ; el traductor añade sus Cuentos para la siesta ; estudio biobibliográfico de Felicidad Patier Torres
246 30 - FORMA VARIANTE DEL TITULO
Título propio/Titulo breve El arte de comer
250 ## - MENCION DE EDICION
Mención de edición Edición facsímil (Londres, 1818)
264 #1 - PRODUCCIÓN, PUBLICACIÓN, DISTRIBUCIÓN, FABRICACIÓN Y COPYRIGHT
Producción, publicación, distribución, fabricación y copyright Madrid :
Nombre del de productor, editor, distribuidor, fabricante Macnulti Editores,
Fecha de producción, publicación, distribución, fabricación o copyright 2021
264 #4 - PRODUCCIÓN, PUBLICACIÓN, DISTRIBUCIÓN, FABRICACIÓN Y COPYRIGHT
Fecha de producción, publicación, distribución, fabricación o copyright ©2021
300 ## - DESCRIPCIÓN FÍSICA
Extensión 64, XII, 139 páginas :
Otras características físicas ilustraciones (blanco y negro y color) ;
Dimensiones 21 cm
336 ## - TIPO DE CONTENIDO
Término de tipo de contenido Texto
Fuente rdacontent
337 ## - TIPO DE MEDIO
Nombre/término del tipo de medio sin mediación
Fuente rdamedia
338 ## - TIPO DE SOPORTE
Nombre/término del tipo de soporte volumen
Fuente rdacarrier
500 ## - NOTA GENERAL
Nota general Incluye (páginas 85-105): Cuentos para la siesta
500 ## - NOTA GENERAL
Nota general Catalogación provisional. Signatura: N 8571. Depósito J.
504 ## - NOTA DE BIBLIOGRAFÍA, ETC.
Nota de bibliografía, etc. Incluye referencias bibliográficas
650 #0 - PUNTO DE ACCESO ADICIONAL DE MATERIA--TÉRMINO DE MATERIA
Término de materia o nombre geográfico como elemento de entrada Gastronomía-
Subdivisión de forma Poesías
9 (RLIN) 233944
655 #0 - TERMINO DE INDIZACIÓN--GENERO/FORMA
Datos o término principal de género/forma Poesías didácticas
9 (RLIN) 233945
655 #7 - TERMINO DE INDIZACIÓN--GENERO/FORMA
Datos o término principal de género/forma Facsímiles
Fuente del término tgfbne
9 (RLIN) 226495
700 12 - ENTRADA AGREGADA--NOMBRE PERSONAL
Nombre de persona Sánchez Salvador, Manuel Pedro,
Fechas asociadas al nombre 1764-1813.
Título de la obra Cuentos para la siesta
Término indicativo de función/relación Traductor
9 (RLIN) 233946
700 1# - ENTRADA AGREGADA--NOMBRE PERSONAL
Nombre de persona Sánchez Salvador, Manuel Pedro,
Fechas asociadas al nombre 1764-1813
Término indicativo de función/relación Traductor
9 (RLIN) 233947
700 0# - ENTRADA AGREGADA--NOMBRE PERSONAL
Nombre de persona Patier Torres, Felicidad
9 (RLIN) 89570
Término indicativo de función/relación Editor literario
787 08 - ENTRA/ENLACE A OTRAS RELACIONES
Información de relación Reproducción de (manifestación)
Título La gastronomía o El arte de comer
Lugar, editor y fecha de publicación Londres
Edición impreso por Henrique Bryer, Bridge-Street, Blackfriars
Información calificativa 1818
Número de control del registro Mima0000121253
852 ## - LOCALIZACIÓN
Ubicación ES-MaACL
itemnumber 200405
Sublocalización o colección R.153310
Número de control de estantería N-8571
Ubicación en estantería Depósito J
Nota libre En proceso
Anotaciones manuscritas Dedicatoria autógrafa de la autora
Donativo/Legado Donación: Felicidad Partier Torres
903 ## - NOMBRE PERSONAL DE DONANTE
9 234206
a Partier Torres, Felicidad
e Donante
942 ## - ELEMENTOS DE ENTRADA SECUNDARIOS (KOHA)
Suprimir en OPAC No
Tipo de ítem Koha Libro impreso
Holdings
Estatus retirado Estado de pérdida Fuente del sistema de clasificación o colocación Estado de daño No para préstamo Colección Biblioteca de origen Biblioteca actual Ubicación en estantería Fecha de adquisición Fuente de adquisición Total de préstamos Signatura topográfica completa Código de barras Visto por última vez Precio de reemplazo Tipo de ítem Koha Nota pública
    Clasificación decimal universal     Libros con dedicatorias Biblioteca del Ateneo de Madrid Biblioteca del Ateneo de Madrid Depósito J 06/03/2022 Donación   N-8571 101205698 27/07/2023 27/07/2023 Libro impreso Dedicatoria autógrafa de la autora